Score 0/26 Timer 07:00
7 Plays Today
% Correct
Aristotle
93.3%
Anne Boleyn
89%
Socrates
87.7%
Plato
87.1%
Michelangelo
81.1%
Fidel Castro
80.1%
Vladimir Lenin
75.3%
Augustus
73.7%
Charles Dickens
73.2%
Alfred Nobel
73.1%
Raphael
70.8%
Julius Caesar
69.9%
Mao Zedong
69.7%
% Correct
Leonardo da Vinci
68.5%
Ho Chi Minh
64.2%
Catherine Howard
63.1%
Charlotte Brontë
60.6%
Plácido Domingo
59.7%
Antoine Laumet de La Mothe, sieur de Cadillac
57.8%
William Henry Harrison
57.6%
Lewis Carroll
51.5%
José Carreras
49.3%
Zachary Taylor
43.9%
Hernando de Soto
39.6%
Robert de La Salle
38.6%
Jethro Tull
38.1%
Remove Ads.
Support Sporcle.
Get the best of Sporcle when you Go Orange. This ad-free experience offers more features, more stats, and more fun while also helping to support Sporcle. Thank you for becoming a member.

You're not logged in!

Compare scores with friends on all Sporcle quizzes.
OR
Log In

Show Comments

Extras

Top Quizzes Today


Score Distribution

Your Account Isn't Verified!

In order to create a playlist on Sporcle, you need to verify the email address you used during registration. Go to your Sporcle Settings to finish the process.

Report this User

Report this user for behavior that violates our Community Guidelines.

Details: